000 00417nam a2200169Ia 4500
003 GCL
008 140319s9999 xx 000 0 eng d
040 _aGCL /
_cGCL
082 0 4 _a720
_bA A
100 1 _aACADEMY EDITIONS
245 1 0 _aARCHITECTS IN CYBERSPACE /
_cACADEMY EDITIONS
260 _a[S.N] :
_bACADEMY GROUP ،
_c1995
300 _a96 P
650 0 4 _aARTS
650 0 4 _aARCHITECTURE
942 _2ddc
_cBK
999 _c16142
_d16142